000 00386nam a22001697a 4500
003 NUST
020 _a978-93-84007-33-1
038 _akhadija
082 _a333.91
_bROY
100 _aGhosh Roy, M. K.
_982364
245 _aWater Resources /
260 _aNew Delhi :
_bMEDTEC,
_c2015.
300 _a320 p. ;
_b24 cm.
500 _aPaperback.
563 _apaperback
942 _cBK
_2ddc
999 _c33927
_d33927